Municipios de Valladolid - Estadísticas

Estadísticas generales
  • Esta prueba ha sido intentada 148 veces
  • La puntuación promedio es 57 de 225
Estadísticas de respuestas
Municipio % Correcto
Medina del Campo
87%
Medina de Rioseco
85%
Arroyo de la Encomienda
84%
Laguna de Duero
84%
Valladolid
84%
Cistérniga
75%
Olmedo
75%
Peñafiel
75%
Tordesillas
73%
Íscar
67%
Tudela de Duero
67%
Portillo
66%
Boecillo
64%
Cigales
64%
Zaratán
64%
Mojados
63%
Simancas
60%
Cabezón de Pisuerga
55%
Villanubla
55%
Fuensaldaña
54%
Rueda
54%
Wamba
52%
Viana de Cega
51%
Renedo de Esgueva
49%
Matapozuelos
48%
Mayorga
46%
Mucientes
46%
Quintanilla de Onésimo
46%
Alaejos
45%
Serrada
45%
La Seca
43%
Tiedra
43%
Villalón de Campos
43%
Aldeamayor de San Martín
42%
Santovenia de Pisuerga
42%
Torrelobatón
42%
Valdestillas
42%
Castronuño
40%
Urueña
40%
Villafrechós
40%
Villalar de los Comuneros
40%
Nava del Rey
39%
Pedrajas de San Esteban
39%
Traspinedo
39%
Villabrágima
39%
Pollos
36%
Ataquines
34%
Campaspero
34%
La Pedraja de Portillo
34%
Geria
33%
Sardón de Duero
33%
Aguilar de Campos
31%
Alcazarén
31%
La Mudarra
31%
Megeces
31%
Quintanilla de Arriba
31%
Trigueros del Valle
31%
Valoria la Buena
31%
Aguasal
30%
Cogeces de Íscar
30%
Carpio
28%
Castromonte
28%
Cuenca de Campos
28%
Mota del Marqués
28%
Pozaldez
28%
Tordehumos
28%
Villalba de los Alcores
28%
Villanueva de Duero
28%
Villardefrades
28%
Esguevillas de Esgueva
27%
Melgar de Abajo
27%
Melgar de Arriba
27%
Montemayor de Pililla
27%
Becilla de Valderaduey
25%
Castroponce
25%
Cogeces del Monte
25%
Fresno el Viejo
25%
Gatón de Campos
25%
Pesquera de Duero
25%
Villagarcía de Campos
25%
Villaverde de Medina
25%
Aldea de San Miguel
24%
Bolaños de Campos
24%
Ciguñuela
24%
Peñaflor de Hornija
24%
Corcos
22%
Cubillas de Santa Marta
22%
Herrín de Campos
22%
Montealegre de Campos
22%
Rábano
22%
Ramiro
22%
San Pedro de Latarce
22%
Siete Iglesias de Trabancos
22%
Berrueces
21%
Fuente el Sol
21%
Olivares de Duero
21%
Piña de Esgueva
21%
Piñel de Abajo
21%
Piñel de Arriba
21%
San Cebrián de Mazote
21%
San Miguel del Arroyo
21%
Velilla
21%
Barcial de la Loma
19%
Bercero
19%
Castrodeza
19%
Ceinos de Campos
19%
Encinas de Esgueva
19%
La Parrilla
19%
La Zarza
19%
Morales de Campos
19%
Palazuelo de Vedija
19%
Rubí de Bracamonte
19%
San Miguel del Pino
19%
San Pelayo
19%
Viloria
19%
Adalia
18%
Amusquillo
18%
Berceruelo
18%
Bobadilla del Campo
18%
La Unión de Campos
18%
Pozal de Gallinas
18%
San Román de Hornija
18%
Torrecilla de la Orden
18%
Velliza
18%
Villabáñez
18%
Villalán de Campos
18%
Bahabón
16%
Bocos de Duero
16%
Cabreros del Monte
16%
Camporredondo
16%
Castrobol
16%
Castromembibre
16%
Castroverde de Cerrato
16%
Curiel de Duero
16%
Langayo
16%
Olmos de Esgueva
16%
Puras
16%
San Llorente
16%
Santervás de Campos
16%
Santibáñez de Valcorba
16%
Tamariz de Campos
16%
Torrecilla de la Abadesa
16%
Torrescárcela
16%
Villamuriel de Campos
16%
Villanueva de los Caballeros
16%
Villanueva de San Mancio
16%
Villasexmir
16%
Almenara de Adaja
15%
Casasola de Arión
15%
Marzales
15%
Monasterio de Vega
15%
Valbuena de Duero
15%
Valdunquillo
15%
Valverde de Campos
15%
Velascálvaro
15%
Villafranca de Duero
15%
Villanueva de los Infantes
15%
Villavaquerín
15%
Bocigas
13%
Brahojos de Medina
13%
Bustillo de Chaves
13%
Castrejón de Trabancos
13%
Castrillo-Tejeriego
13%
Castronuevo de Esgueva
13%
Cervillego de la Cruz
13%
Lomoviejo
13%
Pedrosa del Rey
13%
Pozuelo de la Orden
13%
Quintanilla de Trigueros
13%
Roturas
13%
Saelices de Mayorga
13%
San Martín de Valvení
13%
Santa Eufemia del Arroyo
13%
Torre de Peñafiel
13%
Vega de Valdetronco
13%
Villaco
13%
Villalbarba
13%
Barruelo del Valle
12%
Benafarces
12%
Canalejas de Peñafiel
12%
Castrillo de Duero
12%
El Campillo
12%
Fombellida
12%
Fuente-Olmedo
12%
Hornillos de Eresma
12%
Moral de la Reina
12%
Moraleja de las Panaderas
12%
Muriel
12%
Roales de Campos
12%
San Vicente del Palacio
12%
Urones de Castroponce
12%
Valdenebro de los Valles
12%
Vega de Ruiponce
12%
Ventosa de la Cuesta
12%
Villabaruz de Campos
12%
Villacarralón
12%
Villafrades de Campos
12%
Villavellid
12%
Cabezón de Valderaduey
10%
Canillas de Esgueva
10%
Fontihoyuelo
10%
Gallegos de Hornija
10%
Llano de Olmedo
10%
Matilla de los Caños
10%
Nueva Villa de las Torres
10%
Robladillo
10%
San Salvador
10%
Villán de Tordesillas
10%
Villanueva de la Condesa
10%
Villarmentero de Esgueva
10%
Corrales de Duero
9%
Fompedraza
9%
Manzanillo
9%
Olmos de Peñafiel
9%
Quintanilla del Molar
9%
Salvador de Zapardiel
9%
San Pablo de la Moraleja
9%
Torrecilla de la Torre
9%
Valdearcos de la Vega
9%
Villagómez la Nueva
9%
Torre de Esgueva
7%
Villacid de Campos
7%
Villalba de la Loma
7%
Villavivencio de los Caballeros
7%
Villafuente
4%
No se encontraron pruebas coincidentes
Distribución de puntuación
Porcentaje de gente con cada puntuación
Porcentaje por número respondido
Historial de tus puntuaciones
No has intentado esta prueba.